Loading...
| Philosophy | 0 | 9 | 1 | 1 | 85 | 73 | 102.44 | 2 | 9 | 0.00 | 0.00 |
| History - Other | 0 | 6 | 2 | 0 | 50 | 58 | 88.67 | 3 | 4 | 0.00 | 0.00 |
| Literature - European | 0 | 6 | 2 | 2 | 50 | 90 | 116.67 | 1 | 5 | 0.00 | 0.00 |
| Mythology | 0 | 4 | 0 | 0 | 40 | 67 | 84.50 | 1 | 2 | 0.00 | 0.00 |
| Literature - American | 0 | 4 | 0 | 0 | 40 | 73 | 110.25 | 1 | 3 | 0.00 | 0.00 |
| Social Science | 0 | 4 | 0 | 0 | 40 | 89 | 96.00 | 0 | 2 | 0.00 | 0.00 |
| Religion | 0 | 4 | 1 | 0 | 35 | 53 | 84.25 | 3 | 4 | 0.00 | 0.00 |
| Literature - British | 0 | 2 | 0 | 0 | 20 | 133 | 134.50 | 0 | 0 | 0.00 | 0.00 |
| History - European | 0 | 2 | 1 | 1 | 15 | 39 | 77.50 | 1 | 1 | 0.00 | 0.00 |
| Literature - World | 0 | 2 | 2 | 0 | 10 | 100 | 111.50 | 0 | 2 | 0.00 | 0.00 |
| Geography | 0 | 1 | 0 | 0 | 10 | 130 | 130.00 | 0 | 0 | 0.00 | 0.00 |
| Current Events | 0 | 1 | 0 | 0 | 10 | 104 | 104.00 | 0 | 0 | 0.00 | 0.00 |
| Science - Physics | 0 | 1 | 0 | 0 | 10 | 118 | 118.00 | 0 | 1 | 0.00 | 0.00 |
| Other Academic | 0 | 0 | 1 | 0 | -5 | 0.00 | 0 | 0 | 0.00 | 0.00 |